[Event "RUS-ch U20"]
[Site "Samara"]
[Date "2004.03.11"]
[Round "10"]
[White "Kim, Alexey"]
[Black "Dukhin, Jokhan"]
[Result "1/2-1/2"]
[WhiteElo "2449"]
[BlackElo "2135"]
[PlyCount "95"]
[EventDate "2004.03.??"]
[EventType "swiss"]
[EventRounds "11"]
[EventCountry "RUS"]
[SourceTitle "EXT 2005"]
[Source "ChessBase"]
[SourceDate "2004.11.15"]
[SourceVersion "1"]
[SourceVersionDate "2004.11.15"]
[SourceQuality "1"]

1. e4 d5 2. exd5 Nf6 3. Nf3 Nxd5 4. c4 Nb6 5. Nc3 Bg4 6. c5 N6d7 7. Bc4 e6 8. d4 Be7 9. Be3 0-0 10. h3 Bh5 11. g4 Bg6 12. h4 h5 13. Ng5 Nf6 14. gxh5 Bxh5 15. Be2 Bxe2 16. Qxe2 Nc6 17. 0-0-0 Nb4 18. d5 Nbxd5 19. Nxd5 exd5 20. Qc2 Qe8 21. Bd4 Ne4 22. Rdg1 Bf6 23. Bxf6 Nxf6 24. h5 Qe5 25. h6 g6 26. Nxf7 Kxf7 27. Qxg6+ Ke7 28. Re1 Ne4 29. Rh5 Qf4+ 30. Kb1 Rf6 31. Qg7+ Rf7 32. Qd4 c6 33. h7 Kd7 34. h8Q Rxh8 35. Qxh8 Qxf2 36. Rhh1 Qxc5 37. Ka1 Kc7 38. Qe5+ Kb6 39. Rc1 Qb4 40. Rhd1 Rf2 41. a3 Qb5 42. Re1 Ka6 43. Qd4 Rd2 44. Qh8 Nc5 45. Rcd1 Rf2 46. Re3 d4 47. Qxd4 Nb3+ 48. Rxb3 1/2-1/2

[Event "RUS-ch U20"]
[Site "Samara"]
[Date "2004.03.07"]
[Round "6"]
[White "Danin, Alexandre"]
[Black "Dukhin, Jokhan"]
[Result "0-1"]
[WhiteElo "2332"]
[BlackElo "2135"]
[PlyCount "108"]
[EventDate "2004.03.??"]
[EventType "swiss"]
[EventRounds "11"]
[EventCountry "RUS"]
[SourceTitle "EXT 2005"]
[Source "ChessBase"]
[SourceDate "2004.11.15"]
[SourceVersion "1"]
[SourceVersionDate "2004.11.15"]
[SourceQuality "1"]

1. e4 d5 2. exd5 Nf6 3. c4 c6 4. d4 cxd5 5. Nc3 Nc6 6. Nf3 Bg4 7. cxd5 Nxd5 8. Qb3 Bxf3 9. gxf3 e6 10. Qxb7 Nxd4 11. Bb5+ Nxb5 12. Qc6+ Ke7 13. Qxb5 Qd7 14. Nxd5+ Qxd5 15. Qxd5 exd5 16. 0-0 Ke6 17. Re1+ Kf5 18. Rd1 Rd8 19. Be3 Rd7 20. Rac1 Be7 21. Rd4 g5 22. Rc6 Bf6 23. Rb4 Re8 24. Kf1 d4 25. Bd2 Be5 26. Rb5 f6 27. Ke2 d3+ 28. Kd1 Kg6 29. Be3 h6 30. h3 Bd4 31. Bxd4 Rxd4 32. Rb3 d2 33. Re3 Rxe3 34. fxe3 Rh4 35. Kxd2 Rxh3 36. Ke2 Rh2+ 37. Kf1 Rxb2 38. Ra6 Rb7 39. Kg2 h5 40. e4 Rb2+ 41. Kh3 h4 42. e5 Rb6 43. Rxa7 fxe5 44. Ra8 Rf6 45. Kg2 Kf5 46. a4 e4 47. fxe4+ Kg4 48. Rb8 h3+ 49. Kg1 Kg3 50. Rb2 g4 51. e5 Rf3 52. Re2 Ra3 53. Re1 h2+ 54. Kh1 Kh3 0-1

[Event "RUS-ch U20"]
[Site "Samara"]
[Date "2004.03.06"]
[Round "5"]
[White "Kochurov, Dmitry"]
[Black "Dukhin, Jokhan"]
[Result "0-1"]
[WhiteElo "2354"]
[BlackElo "2135"]
[PlyCount "82"]
[EventDate "2004.03.??"]
[EventType "swiss"]
[EventRounds "11"]
[EventCountry "RUS"]
[SourceTitle "EXT 2005"]
[Source "ChessBase"]
[SourceDate "2004.11.15"]
[SourceVersion "1"]
[SourceVersionDate "2004.11.15"]
[SourceQuality "1"]

1. e4 d5 2. exd5 Nf6 3. Nf3 Nxd5 4. d4 g6 5. c4 Nb6 6. Nc3 Bg7 7. c5 Nd5 8. Bc4 c6 9. Qb3 0-0 10. 0-0 Nxc3 11. bxc3 b5 12. cxb6 axb6 13. Ng5 e6 14. Ne4 Ba6 15. Bxa6 Rxa6 16. Bg5 Qd5 17. Qc2 Nd7 18. a3 h6 19. Bc1 Rfa8 20. Rb1 b5 21. Rd1 Ra4 22. Rb4 f5 23. Nd2 Rxb4 24. axb4 Ra2 25. Qb1 Ra8 26. f4 Kh7 27. Nb3 Nf6 28. Nc5 Bf8 29. Nd3 Ne4 30. Qc2 Bd6 31. Rf1 Qc4 32. Bb2 Ra2 33. Ra1 Rxa1+ 34. Bxa1 g5 35. fxg5 hxg5 36. Nf2 Nxf2 37. Qxf2 Qd3 38. Qe1 Bf4 39. Kh1 g4 40. c4 Bd2 41. Qd1 bxc4 0-1

[Event "RUS-ch U20"]
[Site "Samara"]
[Date "2004.03.05"]
[Round "4"]
[White "Dukhin, Jokhan"]
[Black "Iljin, Artem"]
[Result "0-1"]
[WhiteElo "2135"]
[BlackElo "2472"]
[PlyCount "104"]
[EventDate "2004.03.??"]
[EventType "swiss"]
[EventRounds "11"]
[EventCountry "RUS"]
[SourceTitle "EXT 2005"]
[Source "ChessBase"]
[SourceDate "2004.11.15"]
[SourceVersion "1"]
[SourceVersionDate "2004.11.15"]
[SourceQuality "1"]

1. e4 c5 2. Nf3 e6 3. d4 cxd4 4. Nxd4 a6 5. Nc3 b5 6. Bd3 d6 7. 0-0 Nf6 8. Re1 Be7 9. a4 b4 10. Na2 e5 11. Nf3 Nc6 12. c3 bxc3 13. Nxc3 0-0 14. h3 Be6 15. Bg5 Qb6 16. Qd2 Rfc8 17. Bf1 Nb4 18. a5 Qb7 19. Bxf6 gxf6 20. Nh4 d5 21. exd5 Nxd5 22. Bd3 Nxc3 23. bxc3 Qd7 24. Rad1 Kg7 25. Qe2 Rxc3 26. Be4 Qa4 27. Bxa8 Qxh4 28. Bd5 Bxd5 29. Rxd5 Bc5 30. Qd2 Bd4 31. Re2 Rxh3 32. gxh3 Qg3+ 33. Kf1 Qxh3+ 34. Kg1 Qg3+ 35. Kf1 Qf3 36. Kg1 Qxd5 37. Qc2 Qf3 38. Qe4 Bxf2+ 39. Kf1 Qxe4 40. Rxe4 Bd4 41. Re2 Bc3 42. Ra2 f5 43. Ra3 Bb4 44. Ra4 Be7 45. Ke2 Bd8 46. Kd3 Kf6 47. Kc4 f4 48. Kd5 Kf5 49. Ra1 f3 50. Re1 e4 51. Rh1 e3 52. Kd4 e2 0-1

[Event "Serpukhov-D"]
[Site "Serpukhov"]
[Date "2003.??.??"]
[Round "6"]
[White "Dukhin, Jokhan"]
[Black "Azizbekian, Erik"]
[Result "1/2-1/2"]
[WhiteElo "2135"]
[BlackElo "2104"]
[PlyCount "44"]
[EventDate "2003.01.??"]
[EventType "tourn"]
[EventRounds "13"]
[EventCountry "RUS"]
[SourceTitle "EXT 2004"]
[Source "ChessBase"]
[SourceDate "2003.11.25"]
[SourceVersion "1"]
[SourceVersionDate "2003.11.25"]
[SourceQuality "1"]

1. e4 c5 2. Nf3 Nf6 3. Nc3 d5 4. e5 Nfd7 5. Nxd5 Nxe5 6. Bb5+ Nbc6 7. Ne3 Bd7 8. 0-0 e6 9. d3 Bd6 10. Nd2 a6 11. Ba4 Ng6 12. Ne4 Be7 13. f4 0-0 14. Qh5 b5 15. Bb3 Nd4 16. Ng5 Bxg5 17. fxg5 Bc6 18. Ng4 Ne2+ 19. Kh1 Nxc1 20. Raxc1 Qc7 21. Ne3 Rad8 22. Qh3 Rd4 1/2-1/2

[Event "Serpukhov-D"]
[Site "Serpukhov"]
[Date "2003.??.??"]
[Round "4"]
[White "Dukhin, Jokhan"]
[Black "Erendzhenov, Stanislav"]
[Result "1-0"]
[WhiteElo "2135"]
[BlackElo "2327"]
[PlyCount "85"]
[EventDate "2003.01.??"]
[EventType "tourn"]
[EventRounds "13"]
[EventCountry "RUS"]
[SourceTitle "EXT 2004"]
[Source "ChessBase"]
[SourceDate "2003.11.25"]
[SourceVersion "1"]
[SourceVersionDate "2003.11.25"]
[SourceQuality "1"]

1. e4 Nc6 2. Nf3 e5 3. d4 exd4 4. Nxd4 Bc5 5. Nxc6 Qf6 6. Qd2 bxc6 7. Bd3 Ne7 8. 0-0 0-0 9. Kh1 d5 10. Nc3 Bb4 11. Qe2 Ng6 12. f4 Bxc3 13. bxc3 dxe4 14. Qxe4 Rd8 15. f5 Nf8 16. Ba3 Qxc3 17. Bxf8 Kxf8 18. Rae1 Qf6 19. Qb4+ Kg8 20. Qa5 Bd7 21. Qxc7 h5 22. Re5 Rdc8 23. Qa5 Re8 24. Rxe8+ Bxe8 25. Qc5 a5 26. a4 Bd7 27. h3 Be8 28. Re1 Qh4 29. Re4 Qg3 30. f6 Rb8 31. Qg1 c5 32. Re3 Qg5 33. fxg7 Bxa4 34. Qf2 h4 35. Bc4 Qxg7 36. Qxh4 Bxc2 37. Qf4 Rf8 38. Bd3 Bxd3 39. Rxd3 Qa1+ 40. Kh2 Re8 41. Rg3+ Kf8 42. Qd6+ Re7 43. Re3 1-0

[Event "Serpukhov-D"]
[Site "Serpukhov"]
[Date "2003.??.??"]
[Round "1"]
[White "Khairullin, Ildar"]
[Black "Dukhin, Jokhan"]
[Result "1-0"]
[WhiteElo "2331"]
[BlackElo "2135"]
[PlyCount "79"]
[EventDate "2003.01.??"]
[EventType "tourn"]
[EventRounds "13"]
[EventCountry "RUS"]
[SourceTitle "EXT 2004"]
[Source "ChessBase"]
[SourceDate "2003.11.25"]
[SourceVersion "1"]
[SourceVersionDate "2003.11.25"]
[SourceQuality "1"]

1. e4 d5 2. exd5 Nf6 3. c4 c6 4. d4 cxd5 5. Nc3 Nc6 6. Nf3 Bg4 7. cxd5 Nxd5 8. Qb3 Bxf3 9. gxf3 e6 10. Qxb7 Nxd4 11. Bb5+ Nxb5 12. Qc6+ Ke7 13. Qxb5 Qd7 14. Nxd5+ Qxd5 15. Qxd5 exd5 16. Be3 Ke6 17. 0-0-0 Bb4 18. Kb1 Rhc8 19. Rd3 Rc7 20. a3 Ba5 21. b4 Bb6 22. Bf4 Rd7 23. Re1+ Kf5 24. Bg3 f6 25. Rc1 Re8 26. Rc2 g5 27. a4 h5 28. a5 Bd8 29. Rc6 Re2 30. Rd6 Rxd6 31. Bxd6 Ke6 32. Bc5 Be7 33. Bxa7 Bxb4 34. a6 Re1+ 35. Kb2 Bd6 36. Re3+ Rxe3 37. Bxe3 Bb8 38. a7 Bxa7 39. Bxa7 Kf5 40. Bd4 1-0

[Event "Serpukhov-D"]
[Site "Serpukhov"]
[Date "2003.??.??"]
[Round "7"]
[White "Moskalenko, Alexander"]
[Black "Dukhin, Jokhan"]
[Result "0-1"]
[WhiteElo "2288"]
[BlackElo "2135"]
[PlyCount "76"]
[EventDate "2003.01.??"]
[EventType "tourn"]
[EventRounds "13"]
[EventCountry "RUS"]
[SourceTitle "EXT 2004"]
[Source "ChessBase"]
[SourceDate "2003.11.25"]
[SourceVersion "1"]
[SourceVersionDate "2003.11.25"]
[SourceQuality "1"]

1. d4 d5 2. Bg5 c6 3. e3 Qb6 4. Qc1 Bf5 5. Nf3 e6 6. Nbd2 Nd7 7. c4 Ngf6 8. Be2 h6 9. Bxf6 Nxf6 10. 0-0 Nd7 11. a3 Be7 12. b4 0-0 13. Qc3 Rac8 14. Rfc1 Rfe8 15. Nb3 Bf6 16. Ne5 Nxe5 17. dxe5 Be7 18. Nd4 Be4 19. f3 Bg6 20. cxd5 exd5 21. f4 f6 22. Bg4 fxe5 23. fxe5 Ra8 24. Ne6 Bd8 25. Nf4 Be4 26. Bh5 Bc7 27. Bxe8 Bxe5 28. Qxe5 Qxe3+ 29. Kh1 Bxg2+ 30. Nxg2 Qxe5 31. Bg6 Qd6 32. Bd3 b6 33. h4 h5 34. Rd1 Rf8 35. b5 Rf3 36. bxc6 Rh3+ 37. Kg1 Qc5+ 38. Kf1 Rf3+ 0-1

[Event "Serpukhov op"]
[Site "Serpukhov"]
[Date "2002.??.??"]
[Round "9"]
[White "Dukhin, Jokhan"]
[Black "Aslanian, Ludmila K"]
[Result "1-0"]
[WhiteElo "2135"]
[BlackElo "2131"]
[PlyCount "45"]
[EventDate "2002.??.??"]
[EventType "swiss"]
[EventRounds "15"]
[EventCountry "RUS"]
[SourceTitle "EXT 2007"]
[Source "ChessBase"]
[SourceDate "2006.11.23"]
[SourceVersion "1"]
[SourceVersionDate "2006.11.23"]
[SourceQuality "1"]

1. e4 c5 2. Nf3 e6 3. d4 cxd4 4. Nxd4 Nf6 5. Nc3 d6 6. g3 Be7 7. Bg2 0-0 8. 0-0 Nc6 9. Nxc6 bxc6 10. e5 Nd5 11. exd6 Bxd6 12. Ne4 Be7 13. c4 Nb6 14. b3 f5 15. Qxd8 Rxd8 16. Bg5 Bxg5 17. Nxg5 Bd7 18. Rfe1 Re8 19. Rad1 e5 20. c5 Nd5 21. Rxd5 cxd5 22. Bxd5+ Kf8 23. Nxh7+ 1-0

[Event "Serpukhov-B"]
[Site "Serpukhov"]
[Date "2002.??.??"]
[Round "6"]
[White "Dukhin, Jokhan"]
[Black "Kornilov, Ivan"]
[Result "0-1"]
[WhiteElo "2135"]
[BlackElo "2281"]
[PlyCount "68"]
[EventDate "2002.??.??"]
[EventType "tourn"]
[EventRounds "13"]
[EventCountry "RUS"]
[SourceTitle "EXT 2003"]
[Source "ChessBase"]
[SourceDate "2002.11.25"]
[SourceVersion "1"]
[SourceVersionDate "2002.11.25"]
[SourceQuality "1"]

1. e4 c5 2. Nf3 e6 3. d4 cxd4 4. Nxd4 a6 5. Nc3 b5 6. Bd3 Qb6 7. Nb3 Qc7 8. 0-0 Bb7 9. a3 d6 10. f4 Nd7 11. Be3 Ngf6 12. Qe2 Be7 13. Rad1 Nc5 14. Bf2 0-0 15. g4 Rfe8 16. g5 Nfd7 17. Qg4 Bf8 18. Rde1 g6 19. Re3 f5 20. gxf6 Nxf6 21. Qh4 Bg7 22. Rfe1 Rf8 23. Rf3 Rae8 24. Qg5 Nfd7 25. Rh3 e5 26. Qh4 Nf6 27. fxe5 Nxd3 28. cxd3 dxe5 29. Bc5 Rf7 30. Rf1 Nh5 31. Rhf3 Rxf3 32. Rxf3 Nf4 33. Qf2 Qf7 34. Qg3 Qe6 0-1

[Event "Serpukhov-B"]
[Site "Serpukhov"]
[Date "2002.??.??"]
[Round "2"]
[White "Dukhin, Jokhan"]
[Black "Skalozubov, Alexander"]
[Result "1-0"]
[WhiteElo "2135"]
[BlackElo "2264"]
[PlyCount "73"]
[EventDate "2002.??.??"]
[EventType "tourn"]
[EventRounds "13"]
[EventCountry "RUS"]
[SourceTitle "EXT 2003"]
[Source "ChessBase"]
[SourceDate "2002.11.25"]
[SourceVersion "1"]
[SourceVersionDate "2002.11.25"]
[SourceQuality "1"]

1. e4 d6 2. d4 g6 3. Nc3 Bg7 4. Be3 c6 5. Qd2 b5 6. Bd3 Nd7 7. Nf3 Nb6 8. 0-0 Bg4 9. Ne1 Qc7 10. f4 b4 11. Nd1 c5 12. c3 bxc3 13. Nxc3 cxd4 14. Bb5+ Bd7 15. Bxd4 e5 16. Bxd7+ Qxd7 17. Bxb6 axb6 18. fxe5 Bxe5 19. Nf3 Bg7 20. Rad1 Rd8 21. Qf4 Nh6 22. e5 0-0 23. exd6 Qf5 24. Qb4 Ng4 25. Nd5 Kh8 26. Ne7 Qd7 27. Rfe1 b5 28. Qc5 Bxb2 29. h3 Nh6 30. Re4 Ng8 31. Nxg8 Kxg8 32. Re7 Qxe7 33. dxe7 Rxd1+ 34. Kh2 Re8 35. Qxb5 Rxe7 36. Qxb2 Rd5 37. Qb4 1-0

[Event "Zeleny Shum-C"]
[Site "Zeleny Shum"]
[Date "2000.??.??"]
[Round "8"]
[White "Dukhin, Jokhan"]
[Black "Nedochetov, Mikhail"]
[Result "0-1"]
[WhiteElo "2135"]
[BlackElo "2328"]
[PlyCount "127"]
[EventDate "2000.??.??"]
[EventType "tourn"]
[EventRounds "11"]
[EventCountry "RUS"]
[EventCategory "3"]
[SourceTitle "EXT 2006"]
[Source "ChessBase"]
[SourceDate "2005.11.24"]
[SourceVersion "1"]
[SourceVersionDate "2005.11.24"]
[SourceQuality "1"]

1. e4 c6 2. d4 d5 3. e5 Bf5 4. Nf3 e6 5. Be2 Nd7 6. 0-0 h6 7. b3 Ne7 8. c4 Ng6 9. Be3 Bb4 10. Nfd2 0-0 11. a3 Ba5 12. b4 Bc7 13. Nc3 dxc4 14. Nxc4 Ne7 15. f4 Nb6 16. g4 Bxg4 17. Bxg4 Nxc4 18. Bf2 Ng6 19. Qd3 Nxf4 20. Qxc4 Qg5 21. Bg3 Ng6 22. Bf3 Rad8 23. Rad1 Bb6 24. Kh1 Qe3 25. Ne2 Qxa3 26. Rd3 Qa4 27. Bh5 Nh8 28. Bh4 Rd7 29. Rg1 Qb5 30. Bf6 Ng6 31. Qc2 gxf6 32. Rdg3 f5 33. Qd2 Qd5+ 34. Bf3 Qxe5 35. Qxh6 Qh8 36. Qe3 Re8 37. Nf4 Qxd4 38. Qc1 Ree7 39. Nh5 Kh7 40. Qg5 Qd2 41. Nf4 Bxg1 42. Qh5+ Kg8 43. Nxg6 Qxh2+ 44. Qxh2 Bxh2 45. Nxe7+ Kf8 46. Kxh2 Kxe7 47. Rg2 a6 48. Kg3 Rd4 49. Rb2 e5 50. Kf2 Kd6 51. Ke3 f4+ 52. Kf2 e4 53. Bg4 f6 54. Bc8 Kc7 55. Bf5 Kb6 56. Ke2 Kb5 57. Bc8 Rd8 58. Bf5 Re8 59. Bd7 Rh8 60. Kd2 Rh2+ 61. Kc1 Rxb2 62. Kxb2 Kxb4 63. Bf5 e3 64. Bg4 0-1

[Event "Zeleny Shum-C"]
[Site "Zeleny Shum"]
[Date "2000.??.??"]
[Round "1"]
[White "Dukhin, Jokhan"]
[Black "Zhuravlev, Valery Ivanovich"]
[Result "1/2-1/2"]
[WhiteElo "2135"]
[BlackElo "2416"]
[PlyCount "85"]
[EventDate "2000.??.??"]
[EventType "tourn"]
[EventRounds "11"]
[EventCountry "RUS"]
[EventCategory "3"]
[SourceTitle "EXT 2006"]
[Source "ChessBase"]
[SourceDate "2005.11.24"]
[SourceVersion "1"]
[SourceVersionDate "2005.11.24"]
[SourceQuality "1"]

1. e4 c5 2. Nf3 d6 3. d4 cxd4 4. Qxd4 a6 5. Bg5 Nc6 6. Qd2 Nf6 7. Nc3 b5 8. Bd3 h6 9. Bxf6 gxf6 10. Nh4 e6 11. g3 Bb7 12. 0-0-0 Qa5 13. Kb1 0-0-0 14. Rhe1 b4 15. Ne2 d5 16. exd5 Rxd5 17. f4 f5 18. Nc1 Bg7 19. Nb3 Qd8 20. Qc1 a5 21. Bc4 Rxd1 22. Rxd1 Qb6 23. Bf1 Ne7 24. Nd2 Nd5 25. Nc4 Qc7 26. Ng2 a4 27. Nge3 Rd8 28. Nxd5 Bxd5 29. Qd2 b3 30. axb3 axb3 31. Qb4 bxc2+ 32. Kxc2 Be4+ 33. Bd3 Rd4 34. b3 Qa7 35. Bxe4 Qa2+ 36. Kc1 Qa1+ 37. Bb1 Rxd1+ 38. Kxd1 Qxb1+ 39. Kd2 Qa2+ 40. Kd3 Qb1+ 41. Kd2 Qa2+ 42. Kd3 Qb1+ 43. Kd2 1/2-1/2

[Event "Moscow-ch"]
[Site "Moscow"]
[Date "1999.??.??"]
[Round "5"]
[White "Dukhin, Jokhan"]
[Black "Sambuev, Bator"]
[Result "0-1"]
[WhiteElo "2131"]
[BlackElo "2409"]
[PlyCount "109"]
[EventDate "1999.??.??"]
[EventType "swiss"]
[EventRounds "9"]
[EventCountry "RUS"]
[SourceTitle "EXT 2001"]
[Source "ChessBase"]
[SourceDate "2000.11.22"]
[SourceVersion "1"]
[SourceVersionDate "2000.11.22"]
[SourceQuality "1"]

1. e4 c5 2. Nf3 d6 3. d4 cxd4 4. Nxd4 Nf6 5. Nc3 g6 6. Be3 Bg7 7. f3 0-0 8. Qd2 Nc6 9. g4 Bxg4 10. fxg4 Nxg4 11. Nb3 a5 12. a4 Nb4 13. 0-0-0 Rc8 14. Nd4 Qb6 15. Nd5 Rxc2+ 16. Qxc2 Nxd5 17. Bg1 Nde3 18. Nb5 Bh6 19. Kb1 Qc6 20. Qxc6 bxc6 21. Nc3 Nxd1 22. Nxd1 Rb8 23. Be2 Ne5 24. Ne3 Rb4 25. Kc2 f5 26. exf5 gxf5 27. Bf2 Kf7 28. Rf1 Ke6 29. b3 c5 30. Re1 Kf7 31. Nd5 Rb7 32. Bh5+ Ng6 33. Bh4 e5 34. Bd8 Ke6 35. Bxg6 hxg6 36. Rd1 e4 37. Bxa5 e3 38. Rd3 f4 39. Bc3 Rf7 40. Kd1 Rf5 41. Nc7+ Kd7 42. Nb5 d5 43. Ke2 f3+ 44. Kf1 Bg5 45. Be1 f2 46. Nc3 fxe1Q+ 47. Kxe1 Ke6 48. Nd1 d4 49. Ke2 Kd5 50. h4 Bh6 51. a5 Ke4 52. a6 Rf6 53. a7 Ra6 54. Nb2 Rxa7 55. Na4 0-1